[Event "120th Taflfelag Reykjavik-B 2020"]
[Site "Reykjavik"]
[Date "2020.09.24"]
[Round "5.9"]
[White "Hardarson, Petur Palmi"]
[Black "Heidarsson, Arnar Milutin"]
[Result "1-0"]
[WhiteElo "2061"]
[BlackElo "1965"]
[Annotator "NA"]
[PlyCount "49"]
[EventDate "2020.09.13"]
[EventType "tourn"]
[EventCountry "ISL"]
[SourceTitle "playchess.com"]
[Source "ChessBase"]
[SourceQuality "1"]
[TimeControl "40/5400+15:1800+30"]

1. d4 {[%emt 0:00:13]} Nf6 {[%emt 0:00:00]} 2. c4 {[%emt 0:00:07]} g6 {[%emt 0:00:00]} 3. Nc3 {[%emt 0:01:00]} d5 {[%emt 0:00:00]} 4. cxd5 {[%emt 0:00:11]} Nxd5 {[%emt 0:00:00]} 5. e4 {[%emt 0:00:00]} Nxc3 {[%emt 0:00:00]} 6. bxc3 {[%emt 0:00:00]} Bg7 {[%emt 0:00:00]} 7. Nf3 {[%emt 0:00:15]} c5 {[%emt 0:00:00]} 8. Bb5+ {[%emt 0:00:28]} Bd7 {[%emt 0:00:00]} 9. Be2 {[%emt 0:00:35]} O-O {[%emt 0:00:34]} 10. O-O {[%emt 0:04:29]} cxd4 {[%emt 0:01:52]} 11. cxd4 {[%emt 0:00:05]} Nc6 {[%emt 0:00:48]} 12. Be3 {[%emt 0:01:45]} Rc8 {[%emt 0:03:40]} 13. Rb1 {[%emt 0:08:40]} Na5 {[%emt 0:04:55]} 14. d5 {[%emt 0:03:13]} b6 {[%emt 0:03:30]} 15. Ba6 {[%emt 0:03:00]} Rc3 {[%emt 0:04:01]} 16. Bd4 {[%emt 0:06:55]} Bxd4 {[%emt 0:00:00]} 17. Qxd4 {[%emt 0:00:00]} Qc7 {[%emt 0:00:23]} 18. Ne5 {[%emt 0:06:37]} Bc8 {[%emt 0:04:43]} 19. Bb5 {[%emt 0:17:48]} Rd8 {[%emt 0:11:28]} 20. Rfd1 {[%emt 0:02:53]} Qc5 {[%emt 0:04:43]} 21. Qd2 {[%emt 0:04:15]} a6 {[%emt 0:04:44]} 22. Bf1 {[%emt 0:05:50]} b5 {[%emt 0:04:55]} 23. Rdc1 {[%emt 0:03:24]} Rxc1 {[%emt 0:02:57]} 24. Rxc1 {[%emt 0:00:00]} Qd6 {[%emt 0:01:17]} 25. Qxa5 {[%emt 0:01:25]} 1-0

[Event "120th Taflfelag Reykjavik-B 2020"]
[Site "Reykjavik"]
[Date "2020.09.24"]
[Round "5.10"]
[White "Ragnarsson, Johann"]
[Black "Ptacnikova, Lenka"]
[Result "0-1"]
[WhiteElo "1952"]
[BlackElo "2117"]
[Annotator "NA"]
[PlyCount "82"]
[EventDate "2020.09.13"]
[EventType "tourn"]
[EventCountry "ISL"]
[SourceTitle "playchess.com"]
[Source "ChessBase"]
[SourceQuality "1"]
[TimeControl "40/5400+15:1800+30"]

1. d4 {[%emt 0:00:00]} Nf6 {[%emt 0:01:59]} 2. Bg5 {[%emt 0:00:00]} Ne4 {[%emt 0:01:00]} 3. Bf4 {[%emt 0:00:31]} d5 {[%emt 0:02:16]} 4. e3 {[%emt 0:05:07]} c5 {[%emt 0:01:17]} 5. c3 {[%emt 0:09:37]} cxd4 {[%emt 0:01:02]} 6. exd4 {[%emt 0:00:19]} Nc6 {[%emt 0:00:44]} 7. Bd3 {[%emt 0:02:03]} Nf6 {[%emt 0:11:05]} 8. h3 {[%emt 0:02:46]} g6 {[%emt 0:01:09]} 9. Qc1 {[%emt 0:02:59]} Bf5 {[%emt 0:00:55]} 10. Bxf5 {[%emt 0:02:48]} gxf5 {[%emt 0:00:26]} 11. Nf3 {[%emt 0:00:46]} e6 {[%emt 0:05:03]} 12. Qc2 {[%emt 0:06:01]} Rg8 {[%emt 0:04:27]} 13. O-O {[%emt 0:12:33]} Nh5 {[%emt 0:03:16]} 14. Bh2 {[%emt 0:02:33]} Bd6 {[%emt 0:02:38]} 15. Ne5 {[%emt 0:02:06]} Bxe5 {[%emt 0:04:40]} 16. dxe5 {[%emt 0:02:47]} f4 {[%emt 0:05:22]} 17. Qxh7 {[%emt 0:11:26]} Qg5 {[%emt 0:00:00]} 18. g4 {[%emt 0:00:00]} Nxe5 {[%emt 0:16:18]} 19. f3 {[%emt 0:05:24]} O-O-O {[%emt 0:02:01]} 20. Qc2 {[%emt 0:03:52]} Qh4 {[%emt 0:05:44]} 21. Qe2 {[%emt 0:05:16]} Nc4 {[%emt 0:02:34]} 22. Kh1 {[%emt 0:05:15]} Ng3+ {[%emt 0:04:47]} 23. Bxg3 {[%emt 0:00:00]} Qxg3 {[%emt 0:04:05]} 24. Qh2 {[%emt 0:00:28]} Ne3 {[%emt 0:04:07]} 25. Rf2 {[%emt 0:02:02]} Rh8 {[%emt 0:01:52]} 26. Qxg3 {[%emt 0:00:12]} fxg3 {[%emt 0:00:00]} 27. Re2 {[%emt 0:00:00]} Rxh3+ {[%emt 0:00:00]} 28. Kg1 {[%emt 0:00:00]} Nc4 {[%emt 0:00:56]} 29. Nd2 {[%emt 0:03:48]} Nxb2 {[%emt 0:02:29]} 30. Nf1 {[%emt 0:00:00]} Nd3 {[%emt 0:00:51]} 31. Rg2 {[%emt 0:03:58]} Nf4 {[%emt 0:00:28]} 32. Rxg3 {[%emt 0:00:32]} Ne2+ {[%emt 0:00:02]} 33. Kg2 {[%emt 0:00:00]} Rh7 {[%emt 0:00:16]} 34. Re1 {[%emt 0:00:16]} Nxg3 {[%emt 0:00:02]} 35. Nxg3 {[%emt 0:00:00]} Kc7 {[%emt 0:00:47]} 36. Nh5 {[%emt 0:00:00]} Kd6 {[%emt 0:00:03]} 37. f4 {[%emt 0:01:07]} Rc8 {[%emt 0:00:16]} 38. Re3 {[%emt 0:00:15]} Rhh8 {[%emt 0:00:24]} 39. Nf6 {[%emt 0:01:35]} Rc4 {[%emt 0:00:00]} 40. Kg3 {[%emt 0:00:00]} Rhc8 {[%emt 0:00:00]} 41. Kh4 {[%emt 0:17:25]} Rxf4 {[%emt 0:35:09]} 0-1

[Event "120th Taflfelag Reykjavik-B 2020"]
[Site "Reykjavik"]
[Date "2020.09.26"]
[Round "6.6"]
[White "Gudmundsson, Gunnar Erik"]
[Black "Ptacnikova, Lenka"]
[Result "0-1"]
[WhiteElo "1801"]
[BlackElo "2117"]
[Annotator "TA"]
[PlyCount "98"]
[EventDate "2020.09.13"]
[EventType "tourn"]
[EventCountry "ISL"]
[SourceTitle "playchess.com"]
[Source "ChessBase"]
[SourceQuality "1"]

{[%evp 11,98,22,20,22,30,24,28,11,20,14,18,-25,6,-12,-15,-17,-13,-22,8,-21,-26,-24,-13,-20,-9,-36,-3,-3,-4,-10,-6,-12,0,0,0,0,0,-35,-22,-33,-27,-31,-28,-33,-25,-26,-18,-27,-22,-39,-37,-37,-33,-43,-31,-37,-35,-95,-76,-77,0,0,0,-470,-414,-870,-809,-1098,-1069,-941,-883,-29976,-29977,-29974,-29975,-29980,-29981,-29980,-29981,-29981,-29982,-29982,-29983,-29983,-29984,-29984,-29985,-29985,0]} 1. d4 Nf6 2. c4 d6 3. Nc3 Nbd7 4. e4 e5 5. d5 Nc5 6. Qc2 a5 7. Nf3 {A53: Old Indian Defence without Nf3.} Bg4 {[#]} 8. Nd2 $146 ({Predecessor:} 8. Be2 Be7 9. O-O O-O 10. Ne1 Bd7 11. Be3 Ng4 12. Bxg4 Bxg4 13. Nd3 Nxd3 14. Qxd3 f5 15. f3 fxe4 16. Nxe4 Bf5 17. Qe2 Qe8 18. Ng3 {½-½ (18) Gulko,B (2610)-Lobron,E (2555) New York 1989}) 8... Be7 9. f3 {White has an edge.} Bd7 10. Be2 Nh5 11. Nf1 O-O 12. Ne3 Nf4 $36 {[%mdl 2048] Black has the initiative.} 13. O-O Bg5 14. g3 Ng6 15. Nf5 Bxc1 16. Raxc1 Qg5 17. Kh1 Rae8 18. Rce1 Qd8 19. Bd1 Ne7 20. Nxe7+ Rxe7 21. Qd2 b6 22. Bc2 f5 23. exf5 Bxf5 24. Ne4 Nxe4 25. Bxe4 Bh3 26. Rf2 Ref7 27. Qe3 h6 28. Rg1 Bf5 (28... Rf6 {looks sharper.} 29. a3 h5 30. Re1 Qd7 31. Qg5 Qf7) 29. Rgf1 g5 30. Bxf5 Rxf5 31. Qe4 Qf6 32. Kg2 Kg7 33. b3 h5 34. a4 (34. Kg1 $15) 34... Qg6 35. Kh1 g4 (35... Kf6 $17) 36. Kg2 $11 R8f6 (36... Kh7 {keeps more tension.} 37. Qe3 R8f7 38. Qe4 R7f6 39. Qe3 gxf3+ 40. Rxf3 Rxf3 41. Rxf3 Kg7) 37. Kg1 $2 {[%mdl 8192] [#]} (37. Qc2 $11) 37... Rxf3 $19 38. Qxg6+ (38. Qe2 $142 Qf5 39. Qd2) 38... Kxg6 {[%mdl 4096] Endgame KRR-KRR} 39. Kg2 e4 40. Rxf3 Rxf3 41. Rxf3 gxf3+ {KP-KP. Black mates.} 42. Kf2 Kf5 43. h3 Kf6 44. Ke3 Ke5 45. Kf2 Kd4 46. g4 hxg4 47. hxg4 Ke5 48. Ke3 Kf6 49. Kf2 Ke5 $2 {[%mdl 32768] Accuracy: White = 69%, Black = 87%. . Sensor Board Error (Ke4/e5)?} (49... Kg6 {mates} 50. g5 Kxg5 51. Kg3 Kf5 52. Kf2 Kf4 53. Kg1 e3 54. Kf1 f2 55. Ke2 Ke4 56. c5 bxc5 57. b4 axb4 58. Kd1 f1=Q+ 59. Kc2 Qa1 60. a5 c4 61. a6 b3#) 0-1

[Event "120th Taflfelag Reykjavik-B 2020"]
[Site "Reykjavik"]
[Date "2020.09.26"]
[Round "6.7"]
[White "Heidarsson, Arnar Milutin"]
[Black "Ragnarsson, Johann"]
[Result "0-1"]
[WhiteElo "1965"]
[BlackElo "1952"]
[Annotator "ChessBase"]
[PlyCount "72"]
[EventDate "2020.09.13"]
[EventType "tourn"]
[EventCountry "ISL"]
[SourceTitle "playchess.com"]
[Source "ChessBase"]
[SourceQuality "1"]
[TimeControl "40/5400+15:1800+30"]

1. Nf3 {[%emt 0:01:36]} d5 {[%emt 0:00:24]} 2. d4 {[%emt 0:00:00]} e6 {[%emt 0:01:52]} 3. c4 {[%emt 0:00:06]} c6 {[%emt 0:00:10]} 4. cxd5 {[%emt 0:00:01]} exd5 {[%emt 0:00:00]} 5. Nc3 {[%emt 0:00:00]} Bd6 {[%emt 0:01:08]} 6. Bg5 {[%emt 0:00:01]} Nf6 {[%emt 0:00:00]} 7. e3 {[%emt 0:00:00]} Be6 {[%emt 0:00:03]} 8. Bd3 {[%emt 0:00:00]} Nbd7 {[%emt 0:00:20]} 9. O-O {[%emt 0:00:22]} h6 {[%emt 0:05:02]} 10. Bf4 {[%emt 0:00:05]} Nb6 {[%emt 0:03:26]} 11. Bxd6 {[%emt 0:00:25]} Qxd6 {[%emt 0:00:00]} 12. Ne5 {[%emt 0:00:04]} O-O {[%emt 0:10:52]} 13. f4 {[%emt 0:00:36]} Rad8 {[%emt 0:00:53]} 14. Qf3 {[%emt 0:01:43]} Nc4 {[%emt 0:15:42]} 15. Bxc4 {[%emt 0:00:33]} dxc4 {[%emt 0:00:03]} 16. Rad1 {[%emt 0:06:00]} Qb4 {[%emt 0:12:56]} 17. Qe2 {[%emt 0:07:09]} Rfe8 {[%emt 0:06:17]} 18. f5 {[%emt 0:00:57]} Bd5 {[%emt 0:01:18]} 19. e4 {[%emt 0:02:41]} Nxe4 {[%emt 0:00:00]} 20. Nxe4 {[%emt 0:00:03]} Bxe4 {[%emt 0:00:17]} 21. Qxe4 {[%emt 0:01:20]} f6 {[%emt 0:00:40]} 22. Qg4 {[%emt 0:00:00]} Qxb2 {[%emt 0:09:38]} 23. Rf2 {[%emt 0:04:25]} Qb4 {[%emt 0:03:13]} 24. Nf3 {[%emt 0:01:11]} c3 {[%emt 0:00:45]} 25. Qf4 {[%emt 0:01:15]} c5 {[%emt 0:01:45]} 26. g3 {[%emt 0:07:07]} Rd5 {[%emt 0:01:55]} 27. Rff1 {[%emt 0:04:55]} Re2 {[%emt 0:08:59]} 28. Qb8+ {[%emt 0:00:39]} Kh7 {[%emt 0:00:00]} 29. Rde1 {[%emt 0:00:06]} Rxe1 {[%emt 0:00:06]} 30. Rxe1 {[%emt 0:00:00]} c2 {[%emt 0:01:14]} 31. Qe8 {[%emt 0:02:31]} cxd4 {[%emt 0:00:26]} 32. Qe4 {[%emt 0:08:18]} Qc5 {[%emt 0:00:50]} 33. Qg4 {[%emt 0:02:20]} d3+ {[%emt 0:01:52]} 34. Kh1 {[%emt 0:03:36]} Rxf5 {[%emt 0:00:26]} 35. Rc1 {[%emt 0:02:12]} Rxf3 {[%emt 0:01:01]} 36. Qxf3 {[%emt 0:00:07]} Qc6 {[%emt 0:00:00]} 0-1

[Event "120th Taflfelag Reykjavik-B 2020"]
[Site "Reykjavik"]
[Date "2020.09.26"]
[Round "6.8"]
[White "Jonsson, Gauti Pall"]
[Black "Hardarson, Petur Palmi"]
[Result "1/2-1/2"]
[WhiteElo "2046"]
[BlackElo "2061"]
[Annotator "TA"]
[PlyCount "124"]
[EventDate "2020.09.13"]
[EventType "tourn"]
[EventCountry "ISL"]
[SourceTitle "playchess.com"]
[Source "ChessBase"]
[SourceQuality "1"]

{[%evp 13,124,34,33,33,49,48,48,0,0,0,0,0,0,-46,0,-18,-11,-50,-57,-81,0,-56,-67,-61,-63,-62,0,0,0,0,0,0,0,0,8,-58,-55,-43,-46,-43,-47,-54,-8,-14,-8,-14,7,0,0,0,0,0,0,-28,-28,-56,-14,-14,-13,-14,-14,-20,-6,-125,-122,-464,-199,-191,-182,-181,-156,-173,-160,-311,-266,-269,-162,-203,-85,-192,-85,-212,-21,-115,0,0,0,0,0,0,0,0,0,0,0,0,0,-6,0,-74,0,0,0,0,0,0,0,-6,0,0,0,0,0]} 1. d4 Nf6 2. c4 g6 3. Nc3 Bg7 4. e4 d6 5. h3 O-O 6. Be3 e5 7. d5 Na6 8. g4 {E71: King's Indian: 4 e4 d6 5 h3.} Nc5 9. f3 c6 {[#]} 10. dxc6 $146 {White is slightly better.} ({Predecessor:} 10. b4 Na6 11. a3 cxd5 12. cxd5 Bd7 13. Bd3 h5 14. Nge2 Nh7 15. Kd2 h4 16. Kc2 {0-1 (49) Cheparinov,I (2670)-Saric,I (2667) chess24.com INT 2020}) 10... bxc6 11. Bxc5 dxc5 12. Qxd8 $1 Rxd8 13. Na4 Bf8 14. Ne2 Be6 15. Nc1 Nd7 16. Nb3 Nb6 (16... Rdb8 $17) 17. Nbxc5 (17. Naxc5 $11 Bxc4 18. Bxc4 Nxc4 19. Rh2) 17... Nxa4 $15 18. Nxa4 Bb4+ 19. Nc3 Bxc3+ (19... Rd4 $15) 20. bxc3 $11 Rab8 {With the idea ...Rb2.} 21. Rh2 c5 22. Rc2 Rd6 23. Be2 h5 24. h4 {[#]} ({White should play} 24. gxh5 $11 gxh5 25. Kf2) 24... g5 $1 $15 {[%mdl 512]} 25. hxg5 hxg4 26. fxg4 Kg7 27. Kf2 Kg6 28. Rh1 Kxg5 29. Ke3 Rdb6 30. Rh5+ Kf6 31. Rh6+ Kg5 32. Rh5+ Kf6 33. g5+ Kg6 34. Rh2 Kxg5 35. Bd3 {aiming for Rcf2.} Kf6 36. Rcf2+ Ke7 37. Rh5 Rg8 38. Rhh2 (38. Rxe5 $11 Kd6 39. Rh5) 38... a5 {[%cal Ba7a5,Ba5a4,Ba4a3][%mdl 32]} 39. Rb2 $2 {[%mdl 8192]} (39. Rh5 $17 {is more resistant.}) 39... Rg3+ (39... Rxb2 $142 40. Rxb2 Rg3+ 41. Kd2 Rg2+ 42. Kc1 Rxb2 43. Kxb2 Kf6) 40. Kf2 $19 Rxb2+ 41. Kxg3 {[%mdl 4096] Endgame KRB-KRB} Rb8 $1 42. Kf3 a4 43. Ke3 $2 (43. Rh5 $17) 43... a3 44. Rc2 Rh8 45. Rf2 Ra8 (45... Rg8 $19 46. Kd2 Rh8) 46. Rh2 (46. Kd2 $17) 46... Kd6 (46... Rd8 $1 $19 {has better winning chances.} 47. Rd2 Rg8) 47. Rg2 (47. Kd2 $17 {is the only way for White.}) 47... Ra4 $2 ({Black should try} 47... Rb8 $1 $19 48. Rd2 Ke7) 48. Rg8 {[#]} (48. Rg1 $11 {keeps the balance.}) 48... Bxc4 ({Better is} 48... f5 $1 $17 {[%cal Rf5f4]} 49. Rd8+ Kc7) 49. Bxc4 $11 Rxc4 $17 {KR-KR} 50. Kd3 Ra4 51. Rd8+ Ke6 52. Rc8 Ra5 53. Kc4 Ra4+ 54. Kd3 {[#]} c4+ $1 {[%mdl 512]} 55. Ke3 (55. Rxc4 Rxc4) 55... Kf6 56. Rc5 {[#]} (56. Kf3 $11 {remains equal.}) 56... Ke6 (56... Ra8 $1 $17) 57. Kf3 $11 {The position is equal.} Kd6 58. Rc8 Kd7 59. Rc5 Ke6 60. Kg4 Kd6 61. Rc8 Kd7 62. Rc5 Kd6 {Whites escaped into a draw. Accuracy: White = 56%, Black = 68%.} 1/2-1/2

[Event "120th Taflfelag Reykjavik-B 2020"]
[Site "Reykjavik"]
[Date "2020.09.26"]
[Round "6.9"]
[White "Olafsson, Thorvardur"]
[Black "Mai, Alexander Oliver"]
[Result "1/2-1/2"]
[WhiteElo "2111"]
[BlackElo "2055"]
[Annotator "ChessBase"]
[PlyCount "62"]
[EventDate "2020.09.13"]
[EventType "tourn"]
[EventCountry "ISL"]
[SourceTitle "playchess.com"]
[Source "ChessBase"]
[SourceQuality "1"]
[TimeControl "40/5400+15:1800+30"]

1. e4 {[%emt 0:00:00]} e5 {[%emt 0:00:00]} 2. Nf3 {[%emt 0:00:19]} Nc6 {[%emt 0:00:00]} 3. Bb5 {[%emt 0:00:03]} a6 {[%emt 0:00:00]} 4. Ba4 {[%emt 0:00:11]} Nf6 {[%emt 0:00:00]} 5. O-O {[%emt 0:00:00]} Be7 {[%emt 0:00:00]} 6. Bxc6 {[%emt 0:00:22]} dxc6 {[%emt 0:00:00]} 7. Qe1 {[%emt 0:00:00]} Nd7 {[%emt 0:03:49]} 8. b3 {[%emt 0:00:55]} c5 {[%emt 0:04:57]} 9. Bb2 {[%emt 0:00:45]} Bd6 {[%emt 0:02:35]} 10. a4 {[%emt 0:00:29]} Qe7 {[%emt 0:03:53]} 11. Na3 {[%emt 0:02:49]} b6 {[%emt 0:06:34]} 12. Nc4 {[%emt 0:05:42]} Bb7 {[%emt 0:00:13]} 13. d3 {[%emt 0:00:20]} O-O-O {[%emt 0:07:01]} 14. Bc3 {[%emt 0:15:26]} g6 {[%emt 0:06:33]} 15. Nfd2 {[%emt 0:03:53]} Rhe8 {[%emt 0:10:28]} 16. b4 {[%emt 0:05:53]} cxb4 {[%emt 0:06:04]} 17. Nxd6+ {[%emt 0:00:49]} Qxd6 {[%emt 0:00:04]} 18. Nc4 {[%emt 0:00:14]} Qe6 {[%emt 0:03:13]} 19. Bxb4 {[%emt 0:00:10]} f5 {[%emt 0:02:46]} 20. f3 {[%emt 0:02:01]} f4 {[%emt 0:07:54]} 21. Qh4 {[%emt 0:12:30]} h5 {[%emt 0:03:18]} 22. Qg5 {[%emt 0:01:31]} a5 {[%emt 0:01:29]} 23. Ba3 {[%emt 0:06:11]} Ba6 {[%emt 0:00:53]} 24. Nb2 {[%emt 0:01:34]} Nf8 {[%emt 0:04:36]} 25. Bxf8 {[%emt 0:04:37]} Rxf8 {[%emt 0:00:00]} 26. Nd1 {[%emt 0:04:31]} Qf6 {[%emt 0:01:16]} 27. Qxf6 {[%emt 0:00:31]} Rxf6 {[%emt 0:00:00]} 28. Nf2 {[%emt 0:00:46]} Rc6 {[%emt 0:01:11]} 29. c4 {[%emt 0:00:29]} Rcd6 {[%emt 0:00:35]} 30. Rfc1 {[%emt 0:00:15]} Rc6 {[%emt 0:04:24]} 31. Kf1 {[%emt 0:01:12]} Kd7 {[%emt 0:05:36]} 1/2-1/2

[Event "120th Taflfelag Reykjavik-B 2020"]
[Site "Reykjavik"]
[Date "2020.09.26"]
[Round "6.10"]
[White "Johannsson, Birkir Isak"]
[Black "Briem, Benedikt"]
[Result "1-0"]
[WhiteElo "2146"]
[BlackElo "1951"]
[Annotator "ChessBase"]
[PlyCount "75"]
[EventDate "2020.09.13"]
[EventType "tourn"]
[EventCountry "ISL"]
[SourceTitle "playchess.com"]
[Source "ChessBase"]
[SourceQuality "1"]
[TimeControl "40/5400+15:1800+30"]

1. c4 {[%emt 0:00:00]} c5 {[%emt 0:02:52]} 2. Nf3 {[%emt 0:00:00]} Nc6 {[%emt 0:00:00]} 3. Nc3 {[%emt 0:00:00]} e5 {[%emt 0:00:00]} 4. g3 {[%emt 0:00:00]} g6 {[%emt 0:00:00]} 5. Bg2 {[%emt 0:00:00]} Bg7 {[%emt 0:00:00]} 6. a3 {[%emt 0:00:00]} Nge7 {[%emt 0:00:09]} 7. O-O {[%emt 0:00:00]} O-O {[%emt 0:00:24]} 8. Rb1 {[%emt 0:00:00]} a6 {[%emt 0:03:01]} 9. b4 {[%emt 0:02:21]} d6 {[%emt 0:01:44]} 10. d3 {[%emt 0:01:26]} Rb8 {[%emt 0:00:33]} 11. b5 {[%emt 0:15:42]} axb5 {[%emt 0:02:48]} 12. Rxb5 {[%emt 0:00:21]} f5 {[%emt 0:03:55]} 13. Bd2 {[%emt 0:03:23]} h6 {[%emt 0:02:12]} 14. Qb1 {[%emt 0:07:18]} Qc7 {[%emt 0:08:12]} 15. Ne1 {[%emt 0:04:40]} Be6 {[%emt 0:04:17]} 16. Qc1 {[%emt 0:09:37]} Kh7 {[%emt 0:00:58]} 17. Rb1 {[%emt 0:00:09]} Qd7 {[%emt 0:05:22]} 18. Nc2 {[%emt 0:03:29]} Rfc8 {[%emt 0:04:22]} 19. Ne3 {[%emt 0:01:40]} g5 {[%emt 0:04:27]} 20. Ned5 {[%emt 0:03:42]} Bxd5 {[%emt 0:01:34]} 21. cxd5 {[%emt 0:03:18]} Nd8 {[%emt 0:00:19]} 22. Nb5 {[%emt 0:00:38]} Nf7 {[%emt 0:01:39]} 23. Qc4 {[%emt 0:01:37]} b6 {[%emt 0:04:05]} 24. Rb3 {[%emt 0:00:25]} Rb7 {[%emt 0:00:13]} 25. Rfb1 {[%emt 0:00:22]} Rcb8 {[%emt 0:00:07]} 26. a4 {[%emt 0:07:30]} Ra8 {[%emt 0:02:13]} 27. h4 {[%emt 0:02:25]} Kg6 {[%emt 0:03:54]} 28. Nc3 {[%emt 0:00:30]} Nc8 {[%emt 0:00:35]} 29. hxg5 {[%emt 0:00:00]} hxg5 {[%emt 0:00:26]} 30. g4 {[%emt 0:00:25]} f4 {[%emt 0:02:02]} 31. Be4+ {[%emt 0:00:30]} Kf6 {[%emt 0:00:47]} 32. Bf5 {[%emt 0:00:00]} Qc7 {[%emt 0:02:19]} 33. a5 {[%emt 0:02:02]} Nh6 {[%emt 0:09:09]} 34. Be6 {[%emt 0:00:44]} Qb8 {[%emt 0:03:43]} 35. f3 {[%emt 0:00:35]} Kg6 {[%emt 0:02:23]} 36. Qe4+ {[%emt 0:02:12]} Kf6 {[%emt 0:01:02]} 37. Qh7 {[%emt 0:00:00]} Nf5 {[%emt 0:05:03]} 38. Qxf5+ {[%emt 0:00:25]} 1-0

[Event "120th Taflfelag Reykjavik-B 2020"]
[Site "Reykjavik"]
[Date "2020.09.27"]
[Round "7.6"]
[White "Briem, Benedikt"]
[Black "Gudmundsson, Gunnar Erik"]
[Result "1-0"]
[WhiteElo "1951"]
[BlackElo "1801"]
[Annotator "ChessBase"]
[PlyCount "105"]
[EventDate "2020.09.13"]
[EventType "tourn"]
[EventCountry "ISL"]
[SourceTitle "playchess.com"]
[Source "ChessBase"]
[SourceQuality "1"]
[TimeControl "40/5400+15:1800+30"]

1. Nf3 {[%emt 0:00:00]} Nf6 {[%emt 0:00:00]} 2. d4 {[%emt 0:00:00]} e6 {[%emt 0:00:00]} 3. e3 {[%emt 0:00:00]} b6 {[%emt 0:00:00]} 4. Bd3 {[%emt 0:00:00]} Bb7 {[%emt 0:00:00]} 5. Nbd2 {[%emt 0:00:00]} d5 {[%emt 0:00:00]} 6. b3 {[%emt 0:00:00]} Bd6 {[%emt 0:00:35]} 7. O-O {[%emt 0:00:18]} O-O {[%emt 0:00:03]} 8. Bb2 {[%emt 0:00:09]} Ne4 {[%emt 0:03:42]} 9. Qe2 {[%emt 0:07:23]} f5 {[%emt 0:06:23]} 10. Rfc1 {[%emt 0:03:00]} Nd7 {[%emt 0:00:50]} 11. Nf1 {[%emt 0:01:41]} Qf6 {[%emt 0:06:06]} 12. c4 {[%emt 0:01:47]} c6 {[%emt 0:01:08]} 13. c5 {[%emt 0:12:05]} Bc7 {[%emt 0:01:48]} 14. b4 {[%emt 0:04:25]} g5 {[%emt 0:09:46]} 15. b5 {[%emt 0:04:46]} bxc5 {[%emt 0:02:13]} 16. dxc5 {[%emt 0:06:34]} e5 {[%emt 0:01:10]} 17. bxc6 {[%emt 0:04:50]} Bxc6 {[%emt 0:00:07]} 18. Bxe4 {[%emt 0:14:42]} fxe4 {[%emt 0:01:03]} 19. N3d2 {[%emt 0:04:57]} Rab8 {[%emt 0:05:18]} 20. Nb1 {[%emt 0:09:27]} Bb5 {[%emt 0:11:05]} 21. Qd2 {[%emt 0:01:59]} Bd3 {[%emt 0:01:02]} 22. Nc3 {[%emt 0:02:56]} Qf7 {[%emt 0:04:15]} 23. Ba3 {[%emt 0:06:20]} Rfe8 {[%emt 0:03:18]} 24. Na4 {[%emt 0:03:55]} Bb5 {[%emt 0:10:43]} 25. Nc3 {[%emt 0:02:14]} Bd3 {[%emt 0:05:09]} 26. Na4 {[%emt 0:00:16]} Rbd8 {[%emt 0:16:09]} 27. Ng3 {[%emt 0:01:00]} d4 {[%emt 0:01:41]} 28. exd4 {[%emt 0:00:27]} exd4 {[%emt 0:00:27]} 29. Qxg5+ {[%emt 0:01:01]} Qg6 {[%emt 0:00:37]} 30. Qd5+ {[%emt 0:00:29]} Qe6 {[%emt 0:00:58]} 31. Qxe6+ {[%emt 0:00:12]} Rxe6 {[%emt 0:00:00]} 32. Nb2 {[%emt 0:00:00]} Bb5 {[%emt 0:00:14]} 33. Re1 {[%emt 0:00:34]} Nf6 {[%emt 0:00:36]} 34. Nf5 {[%emt 0:00:24]} Ba5 {[%emt 0:00:43]} 35. Red1 {[%emt 0:00:11]} Bc3 {[%emt 0:00:32]} 36. Rac1 {[%emt 0:00:05]} Be2 {[%emt 0:00:15]} 37. Rxc3 {[%emt 0:00:00]} Bxd1 {[%emt 0:00:00]} 38. Rg3+ {[%emt 0:00:00]} Kf8 {[%emt 0:00:00]} 39. Nxd1 {[%emt 0:00:00]} Ra6 {[%emt 0:00:54]} 40. c6+ {[%emt 0:00:00]} Kf7 {[%emt 0:00:00]} 41. c7 {[%emt 0:17:04]} Rc8 {[%emt 0:19:06]} 42. Nd6+ {[%emt 0:01:23]} Rxd6 {[%emt 0:00:12]} 43. Bxd6 {[%emt 0:00:06]} Ne8 {[%emt 0:01:03]} 44. Be5 {[%emt 0:02:07]} d3 {[%emt 0:02:43]} 45. f4 {[%emt 0:06:27]} Ke6 {[%emt 0:02:58]} 46. Rg8 {[%emt 0:00:43]} Kd7 {[%emt 0:00:56]} 47. Kf2 {[%emt 0:00:29]} a5 {[%emt 0:01:21]} 48. Nc3 {[%emt 0:00:49]} a4 {[%emt 0:01:10]} 49. Nxe4 {[%emt 0:00:40]} a3 {[%emt 0:00:44]} 50. Rxe8 {[%emt 0:00:06]} Kxe8 {[%emt 0:00:55]} 51. Nd6+ {[%emt 0:00:03]} Kd7 {[%emt 0:00:07]} 52. Nxc8 {[%emt 0:00:08]} Kxc8 {[%emt 0:00:05]} 53. Ke3 {[%emt 0:00:05]} 1-0